[Event "Howell (US Am N/5/31)"]
[Site "?"]
[Date "1996.??.??"]
[Round "?"]
[White "Brumley, Ron"]
[Black "Velasquez, A."]
[Result "0-1"]
[WhiteElo "1605"]
[BlackElo "1740"]
[PlyCount "133"]
[EventDate "1996.??.??"]

{5/(31)} 1. e4 c5 2. Nc3 Nc6 3. f4 d6 4. Bc4 e6 5. Nf3 Bd7 6. O-O a6 7. Qe1 b5
8. Be2 g6 9. d3 Nge7 10. Qh4 Bg7 11. Nd1 Nd4 12. Nxd4 cxd4 13. Nf2 Rc8 14. Bd1
Qc7 15. Ng4 Ng8 16. f5 Qd8 17. f6 Bf8 18. e5 h5 19. Bf4 d5 20. h3 b4 21. b3 a5
22. Nh2 Ra8 23. Nf3 Qb6 24. Be2 Qc5 25. Qf2 Bh6 26. Bxh6 Nxh6 27. Nxd4 Nf5 28.
Nxf5 Qxf2+ 29. Rxf2 exf5 30. a3 O-O 31. axb4 axb4 32. Rff1 Ra3 33. Rxa3 bxa3
34. Ra1 Ra8 35. d4 Kf8 36. Kf2 Ke8 37. Ke3 Be6 38. Kd2 Kd7 39. b4 h4 40. Kc3 g5
41. Kb3 g4 42. hxg4 fxg4 43. Ka2 Bf5 44. c3 h3 45. gxh3 gxh3 46. Rh1 Rc8 47.
Kb3 a2 48. Kb2 Rh8 49. Ka1 Rc8 50. Kb2 Rg8 51. Bf3 Ra8 52. Bxd5 a1=Q+ 53. Rxa1
Rxa1 54. Kxa1 Be6 55. Bf3 Ke8 56. Kb2 Bc4 57. Kc2 Bf1 58. b5 Bg2 59. Bxg2 hxg2
60. b6 g1=Q 61. b7 Qg2+ 62. Kd3 Qxb7 63. Kc4 Kd7 64. d5 Qb6 65. d6 Ke6 66. Kd3
Kxe5 67. d7 0-1

[Event "Howell (US Am N/1/20)"]
[Site "?"]
[Date "1996.??.??"]
[Round "?"]
[White "Brumley, Ron"]
[Black "Vandivier, Don"]
[Result "1/2-1/2"]
[WhiteElo "1605"]
[BlackElo "1900"]
[PlyCount "76"]
[EventDate "1996.??.??"]

{1/(20)} 1. e4 c5 2. Nc3 d6 3. f4 Nc6 4. Bc4 g6 5. Nf3 Bg7 6. Ng5 e6 7. d3 a6
8. f5 gxf5 9. exf5 d5 10. fxe6 Bxe6 11. Nxe6 fxe6 12. Qh5+ Kd7 13. Bb3 Qf6 14.
Be3 Qg6 15. Qxg6 hxg6 16. Bxc5 Be5 17. h3 Bg3+ 18. Ke2 Nge7 19. Raf1 Nf5 20.
Nd1 Bd6 21. Bxd6 Kxd6 22. Kf2 Ncd4 23. g4 Ne7 24. Ke3 Nxb3 25. axb3 Raf8 26.
Rxf8 Rxf8 27. c4 Nc6 28. Kd2 Nd4 29. Kc3 Ne2+ 30. Kd2 Ng3 31. Rg1 Rf3 32. h4
Ke5 33. Nc3 Kd4 34. Ne2+ Nxe2 35. Kxe2 Re3+ 36. Kd2 Rxd3+ 37. Kc2 dxc4 38. bxc4
Rh3 1/2-1/2

[Event "Howell (US Am N/6/39)"]
[Site "?"]
[Date "1996.??.??"]
[Round "?"]
[White "Brumley, Ron"]
[Black "Smalec, Joseph"]
[Result "0-1"]
[WhiteElo "1605"]
[BlackElo "1605"]
[PlyCount "36"]
[EventDate "1996.??.??"]

{6/(39)} 1. e4 e5 2. Bc4 Nf6 3. Nf3 Nc6 4. Nc3 Bc5 5. d3 d6 6. h3 O-O 7. Bg5 h6
8. Bh4 Bd7 9. O-O a6 10. a3 Qc8 11. Bxf6 gxf6 12. Nd5 Kg7 13. Nh4 Rg8 14. Qh5
Bxh3 15. gxh3 Qxh3 16. Ne3 Kf8+ 17. Neg2 Rxg2+ 18. Nxg2 Qxh5 0-1

[Event "Cadillac Open/4/17"]
[Site "?"]
[Date "1996.??.??"]
[Round "?"]
[White "Brumley, Ron"]
[Black "Smalec, Joseph"]
[Result "1-0"]
[WhiteElo "1605"]
[BlackElo "1605"]
[PlyCount "61"]
[EventDate "1996.??.??"]

{4/17} 1. d4 d5 2. Nf3 Nc6 3. c3 e6 4. Qc2 Nge7 5. Bf4 g6 6. Nbd2 Bg7 7. e3 O-O
8. Bd3 Bd7 9. e4 dxe4 10. Nxe4 Nd5 11. Bg3 Re8 12. O-O e5 13. dxe5 Bxe5 14.
Bxe5 Nxe5 15. Nxe5 Rxe5 16. Rad1 Bg4 17. f3 Ne3 18. Qb3 Nxf1 19. Bxf1 Qe7 20.
Qxb7 Rd8 21. Rxd8+ Qxd8 22. fxg4 Qh4 23. Qxa7 Rxe4 24. Qa8+ Kg7 25. Qxe4 f5 26.
Qe5+ Kh6 27. Qf4+ Kg7 28. Qxc7+ Kh6 29. gxf5 gxf5 30. Qd6+ Kg5 31. Qd8+ 1-0

[Event "Flint (MI Ch Spon/4)"]
[Site "?"]
[Date "1996.??.??"]
[Round "?"]
[White "Brumley, Ron"]
[Black "Rodriguez, M."]
[Result "1-0"]
[WhiteElo "1605"]
[BlackElo "1605"]
[PlyCount "97"]
[EventDate "1996.??.??"]

1. d4 g6 2. e4 Bg7 3. b3 d6 4. Bb2 c5 5. Nf3 Nc6 6. Nbd2 Bg4 7. h3 Bxf3 8. Nxf3
Qa5+ 9. Qd2 Qxd2+ 10. Nxd2 Bxd4 11. O-O-O Bxb2+ 12. Kxb2 Nf6 13. f4 e6 14. g4
Ke7 15. Bg2 Rhd8 16. Rhe1 a5 17. a4 Rab8 18. Nc4 Nd4 19. Nxa5 b5 20. c3 Ra8 21.
e5 Nd5 22. Nb7 Rdb8 23. exd6+ Kd7 24. Nxc5+ Kxd6 25. cxd4 bxa4 26. Bxd5 exd5
27. Re3 Rb4 28. Rdd3 a3+ 29. Ka2 Rbb8 30. Na4 Re8 31. Kxa3 Rac8 32. Rxe8 Rxe8
33. Nc5 Re2 34. b4 Rf2 35. Rb3 Kc7 36. Rc3 Kb6 37. Ka4 Rxf4 38. Nd7+ Kb7 39. b5
Rxd4+ 40. Ka5 Ka8 41. b6 Kb7 42. Kb5 Rd1 43. Rf3 Rb1+ 44. Kc5 Kc8 45. Nf6 Rc1+
46. Kxd5 Rd1+ 47. Ke4 Re1+ 48. Kf4 h6 49. Ng8 1-0

[Event "Kalamazoo (MI Am/3/12)"]
[Site "?"]
[Date "1996.??.??"]
[Round "?"]
[White "Brumley, Ron"]
[Black "Post, Robert"]
[Result "1-0"]
[WhiteElo "1605"]
[BlackElo "1680"]
[PlyCount "41"]
[EventDate "1996.??.??"]

{3/(12)} 1. e4 g6 2. Bc4 d6 3. f4 Bg7 4. Nf3 Nf6 5. d3 O-O 6. O-O c6 7. Nc3
Nbd7 8. Be3 Ng4 9. Qd2 Nxe3 10. Qxe3 c5 11. e5 Nb6 12. Bb3 Bg4 13. e6 Bxf3 14.
exf7+ Kh8 15. Qxf3 Qd7 16. f5 g5 17. Ne4 Bd4+ 18. Kh1 h6 19. Qh5 Bg7 20. Nxg5
d5 21. Qg6 1-0

[Event "Lansing (MI Op/6/27)"]
[Site "?"]
[Date "1996.??.??"]
[Round "?"]
[White "Brumley, Ron"]
[Black "Neshewat, Michael"]
[Result "1-0"]
[WhiteElo "1605"]
[BlackElo "1875"]
[PlyCount "63"]
[EventDate "1996.??.??"]

{6/(27)} 1. d4 d5 2. Nf3 Bf5 3. c3 Nf6 4. Bg5 Nbd7 5. e3 h6 6. Bh4 g5 7. Bg3
Bg7 8. Bd3 Bxd3 9. Qxd3 e6 10. Nbd2 Qe7 11. Bxc7 Rc8 12. Bg3 Nh5 13. a4 Nxg3
14. hxg3 a6 15. e4 dxe4 16. Nxe4 e5 17. O-O O-O 18. Rfe1 f5 19. Ned2 Qd6 20.
Nc4 Qc7 21. Ncxe5 Nxe5 22. Nxe5 Bxe5 23. Rxe5 Qf7 24. d5 Rb8 25. a5 Rbe8 26.
Rae1 Rb8 27. Re7 Qh5 28. Qc4 Rf7 29. d6 Kf8 30. Re8+ Rxe8 31. Rxe8+ Kg7 32.
Qd4+ 1-0

[Event "Lansing (MI Op/5/32)"]
[Site "?"]
[Date "1996.??.??"]
[Round "?"]
[White "Brumley, Ron"]
[Black "Kung, Fred"]
[Result "0-1"]
[WhiteElo "1605"]
[BlackElo "1875"]
[PlyCount "76"]
[EventDate "1996.??.??"]

{5/(32)} 1. e4 e6 2. d4 d5 3. e5 c5 4. c3 Nc6 5. Bb5 a6 6. Bxc6+ bxc6 7. dxc5
Bxc5 8. Qg4 Kf8 9. b4 Be7 10. Be3 a5 11. Nd2 axb4 12. cxb4 Ra4 13. h4 Rxb4 14.
Qg3 Rxh4 15. Rxh4 Bxh4 16. Bc5+ Be7 17. Bxe7+ Nxe7 18. Ngf3 Ba6 19. Nh2 Qa5 20.
Ng4 Qb5 21. Qf3 Nf5 22. Rb1 Nd4 23. Kd1 Qxb1+ 24. Nxb1 Nxf3 25. gxf3 Ke7 26.
Nc3 Rb8 27. Kc2 h5 28. Ne3 d4 29. Ne4 dxe3 30. fxe3 h4 31. a4 h3 32. a5 h2 33.
Ng3 Be2 34. a6 Bxf3 35. a7 Ra8 36. Kd2 h1=Q 37. Nxh1 Bxh1 38. Kc3 Rxa7 0-1

[Event "Cadillac Open/1a/3"]
[Site "?"]
[Date "1996.??.??"]
[Round "?"]
[White "Brumley, Ron"]
[Black "Fuller, William"]
[Result "0-1"]
[WhiteElo "1605"]
[BlackElo "2160"]
[PlyCount "136"]
[EventDate "1996.??.??"]

1. d4 e5 2. dxe5 d6 3. Nf3 Bg4 4. Bg5 Qd7 5. Nbd2 Nc6 6. h3 Bh5 7. e3 dxe5 8.
g4 Bg6 9. Bb5 f6 10. Bh4 O-O-O 11. c3 Bd3 12. Bxd3 Qxd3 13. Qe2 Qd5 14. Qc4 g5
15. Bg3 Qxc4 16. Nxc4 h5 17. gxh5 Rxh5 18. h4 e4 19. Nd4 Nxd4 20. cxd4 b5 21.
Nd2 f5 22. Ke2 g4 23. Rac1 Bd6 24. Nf1 Ne7 25. Bxd6 Rxd6 26. Ng3 Rh7 27. Rc5
Ra6 28. Nxf5 Nxf5 29. Rxf5 Rxa2 30. Rxb5 a6 31. Rb3 a5 32. Kd2 a4 33. Rb4 Rf7
34. Rh2 a3 35. Kc1 Ra1+ 36. Kc2 a2 37. Ra4 Rf1 38. Rxa2 R7xf2+ 39. Rxf2 Rxf2+
40. Kd1 g3 41. Ke1 Kb7 42. Ra5 Rf3 43. Ke2 Rf2+ 44. Ke1 Rxb2 45. Rg5 Rh2 46. h5
Rh1+ 47. Ke2 Kc6 48. Rg6+ Kd5 49. h6 Rh2+ 50. Kf1 Kc4 51. Rxg3 Rxh6 52. Ke2
Rh2+ 53. Kd1 Kd3 54. Ke1 Re2+ 55. Kf1 Rxe3 56. Rg7 Kxd4 57. Rxc7 Ra3 58. Rd7+
Ke3 59. Rd1 Ra2 60. Re1+ Kf3 61. Rb1 e3 62. Rc1 Rf2+ 63. Kg1 Rg2+ 64. Kh1 Rg8
65. Rf1+ Ke2 66. Ra1 Kf2 67. Ra2+ e2 68. Kh2 Rh8# 0-1

[Event "Detroit (Class DE/4/7)"]
[Site "?"]
[Date "1996.??.??"]
[Round "?"]
[White "Brumley, Ron"]
[Black "Dolin, Jack"]
[Result "0-1"]
[WhiteElo "1605"]
[BlackElo "1605"]
[PlyCount "62"]
[EventDate "1996.??.??"]

{4/(7)} 1. e4 c5 2. b3 d6 3. Bb2 Nf6 4. Nc3 g6 5. Bc4 Bg7 6. Nf3 O-O 7. d3 Bd7
8. Qd2 Nc6 9. O-O Ng4 10. Rab1 Nge5 11. Qf4 Nxf3+ 12. Qxf3 Nd4 13. Qd1 e6 14.
a4 a6 15. b4 b5 16. axb5 axb5 17. Bb3 cxb4 18. Na2 Nxb3 19. Bxg7 Kxg7 20. Nxb4
Nd4 21. e5 Ra4 22. exd6 Qa5 23. c3 Nc6 24. Nxc6 Bxc6 25. Qe1 Bd5 26. d7 Qc7 27.
Rxb5 Qxd7 28. Qe5+ f6 29. Qf4 Qxb5 30. Qc7+ Kg8 31. d4 Rc4 0-1

[Event "Detroit (Class DE/2/3)"]
[Site "?"]
[Date "1996.??.??"]
[Round "?"]
[White "Brumley, Ron"]
[Black "Crysler, Jerry"]
[Result "1-0"]
[WhiteElo "1605"]
[BlackElo "1605"]
[PlyCount "97"]
[EventDate "1996.??.??"]

{2/(3)} 1. e4 e6 2. d4 d5 3. e5 Ne7 4. Bg5 h6 5. Bh4 g5 6. Bg3 Bg7 7. h4 Nf5 8.
Ne2 gxh4 9. Bh2 Nc6 10. c3 Bd7 11. Nd2 Qe7 12. Nf4 O-O-O 13. Qc2 Kb8 14. Bd3
Rc8 15. O-O-O Nd8 16. Nxd5 exd5 17. Bxf5 Ne6 18. Nf3 Ng5 19. Nxh4 Ne6 20. Nf3
c5 21. Rhe1 Ka8 22. g4 Rc6 23. dxc5 Rxc5 24. Nd4 Rhc8 25. f4 Ra5 26. Bxe6 fxe6
27. f5 Qg5+ 28. Kb1 exf5 29. gxf5 Ba4 30. b3 Be8 31. Rg1 Qe3 32. Rxg7 Rac5 33.
Rd3 Qe1+ 34. Kb2 a5 35. Rg1 Qh4 36. Rgg3 Bf7 37. f6 Qh5 38. e6 Bg6 39. f7 Bxd3
40. Rxd3 Qg4 41. e7 a4 42. f8=Q a3+ 43. Kxa3 Qd7 44. b4 Rc4 45. Qe2 Re8 46. Nf5
Rc6 47. Qe5 Ra6+ 48. Kb2 Qa4 49. Qb8+ 1-0

[Event "Howell (US Am N/3/41)"]
[Site "?"]
[Date "1996.??.??"]
[Round "?"]
[White "Brumley, Ron"]
[Black "Carpenter, O."]
[Result "1-0"]
[WhiteElo "1605"]
[BlackElo "1605"]
[PlyCount "68"]
[EventDate "1996.??.??"]

{3/(41)} 1. e4 c5 2. Nc3 d6 3. f4 Nf6 4. Bc4 e6 5. d3 Nc6 6. Nf3 Be7 7. O-O O-O
8. Bb5 Bd7 9. a3 a6 10. Bxc6 Bxc6 11. Qe1 b5 12. Qg3 Nh5 13. Qh3 g6 14. g4 Ng7
15. b3 Bf6 16. Bb2 e5 17. g5 Be7 18. fxe5 Bxg5 19. exd6 Be3+ 20. Kh1 Qxd6 21.
Rae1 Bd7 22. Qh4 Qf4 23. Qxf4 Bxf4 24. Nd5 Nh5 25. Nxf4 Nxf4 26. Ne5 Nxd3 27.
Nxd3 Rfe8 28. Nxc5 Bc6 29. Kg1 a5 30. Rf6 Ra7 31. Rxc6 Rae7 32. Rf6 Kg7 33.
Re6+ Kh6 34. Rxe7 Rxe7 1-0

[Event "Lansing (MI Op/3/26)"]
[Site "?"]
[Date "1996.??.??"]
[Round "?"]
[White "Brumley, Ron"]
[Black "Brooks, John"]
[Result "0-1"]
[WhiteElo "1605"]
[BlackElo "2245"]
[PlyCount "86"]
[EventDate "1996.??.??"]

{3/(26)} 1. d4 Nf6 2. Nf3 e6 3. Bg5 d5 4. Nbd2 c5 5. e4 cxd4 6. exd5 Qxd5 7.
Bc4 Qd6 8. O-O Be7 9. Bxf6 Bxf6 10. Ne4 Qc7 11. Nxf6+ gxf6 12. Qxd4 Qd8 13.
Qxd8+ Kxd8 14. Nd2 Ke7 15. Ne4 f5 16. Nc3 a6 17. a4 b6 18. Rfe1 Bb7 19. Bd5 Nc6
20. a5 b5 21. Nxb5 axb5 22. a6 Rad8 23. Bxe6 fxe6 24. axb7 Rd6 25. Ra8 Rb8 26.
Rxb8 Nxb8 27. Kf1 Rb6 28. Re3 Rxb7 29. Rb3 Nd7 30. c4 b4 31. Rh3 Nf6 32. Ke2 e5
33. Kd3 h5 34. f3 Rd7+ 35. Kc2 Rd4 36. Kb3 Rd2 37. Rg3 h4 38. Rg5 Ke6 39. Rg6
e4 40. fxe4 fxe4 41. Kxb4 e3 42. Kc3 Rd7 43. g4 e2 0-1

[Event "Flint (MI Ch Spon/3)"]
[Site "?"]
[Date "1996.??.??"]
[Round "?"]
[White "Brumley, Ron"]
[Black "Brinks, K."]
[Result "1-0"]
[WhiteElo "1605"]
[BlackElo "1605"]
[PlyCount "73"]
[EventDate "1996.??.??"]

1. d4 Nf6 2. Nf3 e6 3. Bg5 b6 4. Nbd2 Be7 5. e4 h6 6. Bh4 Bb7 7. Bd3 d6 8. c3
O-O 9. O-O Nbd7 10. h3 c5 11. Rc1 Nh5 12. Nh2 Bxh4 13. Qxh5 Bg5 14. f4 Be7 15.
e5 Qe8 16. Rce1 f5 17. Qxe8 Raxe8 18. Bb5 Rd8 19. exd6 Bxd6 20. Rxe6 Rf6 21.
Bxd7 Rxd7 22. Rxf6 gxf6 23. Nb3 cxd4 24. Nxd4 Bc5 25. Rd1 Re7 26. b4 Bxd4+ 27.
Rxd4 Re2 28. Rd8+ Kf7 29. Rd7+ Kg6 30. Rxb7 Rxa2 31. g4 Ra1+ 32. Kg2 Ra2+ 33.
Kg3 fxg4 34. hxg4 Ra3 35. Rc7 a5 36. f5+ Kg5 37. Nf3# 1-0

[Event "Flint (MI Ch Spon/1)"]
[Site "?"]
[Date "1996.??.??"]
[Round "?"]
[White "Brumley, Ron"]
[Black "Bailey, Greg"]
[Result "0-1"]
[WhiteElo "1605"]
[BlackElo "2005"]
[PlyCount "80"]
[EventDate "1996.??.??"]

1. e4 c6 2. d4 d5 3. e5 Bf5 4. h4 h5 5. Be2 e6 6. g3 g6 7. Nf3 c5 8. c3 Nc6 9.
O-O Qb6 10. Bd3 Bh3 11. Re1 cxd4 12. Nxd4 Bc5 13. Be3 Nge7 14. b3 Nxd4 15. Bxd4
Bxd4 16. cxd4 Bf5 17. Re3 Rc8 18. Nd2 Qxd4 19. Nf3 Qc5 20. Re1 Bxd3 21. Qxd3
Nf5 22. Qd2 O-O 23. Kg2 Rfd8 24. Red1 Rc6 25. Nd4 Qxd4 26. Qxd4 Nxd4 27. Rxd4
Rdc8 28. a4 Rc3 29. b4 R8c4 30. Rad1 Kf8 31. Kf1 Ke7 32. Ke2 a6 33. f3 Rc2+ 34.
Ke3 b5 35. Ra1 Rxd4 36. Kxd4 Rc4+ 37. Kd3 Rxb4 38. axb5 axb5 39. Ra7+ Kf8 40.
Rb7 Rb3+ 0-1

[Event "Kalamazoo (MI Am/2/23)"]
[Site "?"]
[Date "1996.??.??"]
[Round "?"]
[White "Brumley, Ron"]
[Black "Arenson, Kevin"]
[Result "1-0"]
[WhiteElo "1605"]
[BlackElo "1605"]
[PlyCount "67"]
[EventDate "1996.??.??"]

{2/(23)} 1. e4 e5 2. Nf3 Nc6 3. Bc4 Bc5 4. c3 Nf6 5. d4 Be7 6. dxe5 Nxe4 7. Qd5
O-O 8. Qxe4 d6 9. exd6 Qxd6 10. Bf4 Qd8 11. O-O g6 12. Re1 Bf5 13. Qe2 Re8 14.
Nbd2 Bf6 15. Qxe8+ Qxe8 16. Rxe8+ Rxe8 17. Bxc7 Re7 18. Bg3 h6 19. Kf1 Kg7 20.
Re1 Rd7 21. Ne4 Bxe4 22. Rxe4 Na5 23. Ne5 Nxc4 24. Rxc4 Re7 25. Ng4 Rd7 26.
Nxf6 Kxf6 27. Rc7 Rxc7 28. Bxc7 Ke6 29. Ke2 f5 30. Kf3 g5 31. h3 h5 32. g4
fxg4+ 33. hxg4 hxg4+ 34. Kxg4 1-0

[Event "Cadillac Open/5/11"]
[Site "?"]
[Date "1996.??.??"]
[Round "?"]
[White "Brumley, Ron"]
[Black "Anderson, Gale"]
[Result "0-1"]
[WhiteElo "1605"]
[BlackElo "1720"]
[PlyCount "106"]
[EventDate "1996.??.??"]

{5/11} 1. d4 d5 2. Nf3 Bf5 3. c3 h6 4. Bf4 Nc6 5. e3 a6 6. Bd3 Bxd3 7. Qxd3 Nf6
8. Nbd2 Nh5 9. O-O g5 10. Be5 Bg7 11. h3 Qd7 12. Nb3 b6 13. Bxg7 Nxg7 14. Ne5
Nxe5 15. dxe5 c5 16. c4 dxc4 17. Qxc4 Qb5 18. Rac1 Rd8 19. a4 Qxc4 20. Rxc4 Rd3
21. Rc3 Rxc3 22. bxc3 Kd7 23. a5 Kc6 24. Rb1 b5 25. Kf1 Rd8 26. Ke2 e6 27. f4
Nf5 28. e4 Ne7 29. Rf1 gxf4 30. Rxf4 Rf8 31. Rh4 Rh8 32. Rf4 Rh7 33. Nd2 Ng6
34. Rg4 Nxe5 35. Rg8 Kc7 36. Nb3 Nd7 37. Ra8 Kb7 38. Rd8 f6 39. Rxd7+ Rxd7 40.
Nxc5+ Kc6 41. Nxd7 Kxd7 42. Kd3 Kc6 43. Kc2 Kd6 44. Kd3 Kc5 45. g3 e5 46. g4 b4
47. c4 b3 48. Kc3 b2 49. Kxb2 Kxc4 50. Kc2 Kd4 51. Kd2 Kxe4 52. Ke2 Kf4 53. Kf2
e4 0-1

[Event "Detroit (MI Action/4/6)"]
[Site "?"]
[Date "1996.??.??"]
[Round "?"]
[White "Brown, W."]
[Black "West, Tony"]
[Result "1-0"]
[WhiteElo "1605"]
[BlackElo "1635"]
[PlyCount "70"]
[EventDate "1996.??.??"]

{4/(6)} 1. e4 c5 2. Bc4 e6 3. Nc3 Nc6 4. Nf3 d6 5. O-O Nf6 6. Re1 Be7 7. d3 O-O
8. h3 a6 9. a3 b5 10. Ba2 Bb7 11. Be3 Qc7 12. Bf4 Nh5 13. Bh2 Nf6 14. Qd2 Rfd8
15. Rad1 Re8 16. d4 cxd4 17. Nxd4 Nxd4 18. Qxd4 e5 19. Qd2 Qb6 20. Qe3 Qc7 21.
Bg3 Rad8 22. Bb3 Bf8 23. Nd5 Nxd5 24. Bxd5 g6 25. Bh4 Be7 26. Qh6 Bxh4 27. Qxh4
Qe7 28. Qxe7 Rxe7 29. Re3 Kg7 30. f3 f5 31. g3 Bc8 32. Kg2 Kf6 33. c4 Rc7 34.
Rc1 Bb7 35. Rcc3 g5 $138 1-0

[Event "Eastpointe (EDO/3/10)"]
[Site "?"]
[Date "1996.??.??"]
[Round "?"]
[White "Brown, W."]
[Black "Walquist, Elaine"]
[Result "0-1"]
[WhiteElo "1605"]
[BlackElo "1750"]
[PlyCount "58"]
[EventDate "1996.??.??"]

{3/(10)} 1. e4 c5 2. Bc4 e6 3. Nc3 Nc6 4. d3 Nf6 5. Bg5 Be7 6. Nf3 h6 7. Bd2
Na5 8. Bb5 a6 9. Ba4 b5 10. Bb3 Nxb3 11. axb3 d5 12. e5 Nd7 13. O-O Bb7 14. Qe2
Qc7 15. Rfe1 d4 16. Nd1 O-O 17. Bf4 Qc6 18. c3 g5 19. Bg3 g4 20. Nh4 Bxh4 21.
Qxg4+ Bg5 22. Bf4 f5 23. Qg3 Kf7 24. Bxg5 Rg8 25. f4 hxg5 26. fxg5 Rg6 27. h4
Rh8 28. Nf2 Rxh4 29. Re2 f4 0-1

[Event "Detroit (MI Action/3/12)"]
[Site "?"]
[Date "1996.??.??"]
[Round "?"]
[White "Brown, W."]
[Black "Taylor, Walt"]
[Result "1-0"]
[WhiteElo "1605"]
[BlackElo "1605"]
[PlyCount "70"]
[EventDate "1996.??.??"]

{3/(12)} 1. e4 e5 2. Bc4 Nf6 3. d3 Nc6 4. Nf3 d5 5. exd5 Nxd5 6. Qe2 Bg4 7. c3
Be7 8. Qe4 Bxf3 9. Qxf3 Nf6 10. O-O O-O 11. b4 Bd6 12. Nd2 Re8 13. Ne4 Qe7 14.
Nxd6 cxd6 15. Bg5 e4 16. Qf5 Ne5 17. Bxf6 Qxf6 18. Qxf6 gxf6 19. Bd5 Nxd3 20.
Bxb7 Rab8 21. Bc6 Re7 22. Rad1 Rb6 23. Bxe4 Rxe4 24. Rxd3 Re2 25. a3 Rc2 26. h3
Rc6 27. Rfd1 R2xc3 28. Rxc3 Rxc3 29. Rxd6 Kg7 30. Ra6 Rc7 31. g4 Kg6 32. b5 h5
33. Kf1 Kg5 34. Ke2 f5 35. a4 f6 {[Remainder unavailable]} 1-0

[Event "Eastpointe (EDO/1/4)"]
[Site "?"]
[Date "1996.??.??"]
[Round "?"]
[White "Brown, W."]
[Black "Moody, David"]
[Result "0-1"]
[WhiteElo "1605"]
[BlackElo "2050"]
[PlyCount "136"]
[EventDate "1996.??.??"]

{1/(4)} 1. e4 e5 2. Bc4 Nf6 3. Nc3 Nxe4 4. Bxf7+ Kxf7 5. Nxe4 d5 6. Qf3+ Kg8 7.
Nc3 Be6 8. d3 Nc6 9. Nge2 Bc5 10. a3 Qd7 11. O-O Rf8 12. Qg3 h6 13. Na4 Bd6 14.
b4 Nd4 15. Nxd4 exd4 16. Nc5 Qe7 17. Qg6 Rf6 18. Qh5 Bxc5 19. bxc5 Qxc5 20.
Qe8+ Kh7 21. Qa4 Rhf8 22. Bd2 Qb6 23. Rab1 Rxf2 24. Bb4 Rxf1+ 25. Rxf1 Rxf1+
26. Kxf1 c5 27. Bd2 c4 28. Bb4 c3 29. Qa5 Qxa5 30. Bxa5 Kg6 31. Bc7 Kf5 32. h3
h5 33. Ke2 Bd7 34. Kd1 g5 35. Bd6 a6 36. Kc1 h4 37. Kb1 Be8 38. g4+ hxg3 39.
Bxg3 Bh5 40. Bf2 Kf4 41. Bxd4 Kg3 42. Bf6 Kh4 43. a4 Bf3 44. a5 Bg2 45. Kc1
Bxh3 46. Bxc3 Kg3 47. Kd2 Kf3 48. Bd4 g4 49. Ke1 g3 50. Bb6 Kg2 51. Be3 Kh1 52.
d4 g2 53. c4 dxc4 54. d5 g1=Q+ 55. Bxg1 Kxg1 56. Kd2 Kf2 57. Kc3 Ke3 58. Kxc4
Ke4 59. Kc5 Ke5 60. d6 Bd7 61. Kb6 Kxd6 62. Kxb7 Bb5 63. Ka7 Kc5 64. Kb7 Kb4
65. Kb6 Ka4 66. Kc5 Kxa5 67. Kd4 Kb4 68. Ke3 Kc3 0-1

[Event "Detroit (MI Action/1/18)"]
[Site "?"]
[Date "1996.??.??"]
[Round "?"]
[White "Brown, W."]
[Black "Mahaffy, Mike"]
[Result "1-0"]
[WhiteElo "1605"]
[BlackElo "1605"]
[PlyCount "59"]
[EventDate "1996.??.??"]

{1/(18)} 1. e4 e5 2. Nf3 Nc6 3. Bc4 Nf6 4. d3 h6 5. c3 d6 6. O-O Bg4 7. Re1 Na5
8. Bb5+ c6 9. Ba4 b5 10. Bc2 d5 11. h3 Bh5 12. b4 Nb7 13. g4 dxe4 14. Nxe5 Bg6
15. Nxg6 fxg6 16. Nd2 Qd6 17. Nxe4 Nxe4 18. Rxe4+ Be7 19. Qe2 c5 20. Bf4 Qf6
21. Rd1 O-O-O 22. bxc5 Nxc5 23. Be5 Qf7 24. Rf4 Bf6 25. d4 Nd7 26. Qxb5 Bxe5
27. Rxf7 Bf6 28. Be4 Rde8 29. Qxd7+ Kb8 30. Qb7# 1-0

[Event "Detroit (MI Action/3/9)"]
[Site "?"]
[Date "1996.??.??"]
[Round "?"]
[White "Brown, S."]
[Black "Shaw, L."]
[Result "1-0"]
[WhiteElo "1605"]
[BlackElo "1605"]
[PlyCount "34"]
[EventDate "1996.??.??"]

{3/(9)} 1. e4 c5 2. Nf3 Nc6 3. Nc3 e6 4. d4 b6 5. Be3 Nge7 6. dxc5 Ng6 7. cxb6
axb6 8. Bb5 Bb7 9. O-O Nge5 10. Nxe5 Nxe5 11. f3 Be7 12. Na4 Ba6 13. Bxa6 Rxa6
14. b3 O-O 15. f4 Ng6 16. Qd3 b5 17. Qxb5 Rc6 {[Remainder unavailable]} 1-0

[Event "Detroit (MI Action/1/12)"]
[Site "?"]
[Date "1996.??.??"]
[Round "?"]
[White "Brown, S."]
[Black "Powell, Antione"]
[Result "1-0"]
[WhiteElo "1605"]
[BlackElo "1605"]
[PlyCount "39"]
[EventDate "1996.??.??"]

{1/(12)} 1. e4 e5 2. f4 Nc6 3. Nf3 Nf6 4. Nc3 Bc5 5. fxe5 Ng4 6. d4 Bb6 7. Nd5
Ba5+ 8. c3 d6 9. Bg5 f6 10. exf6 gxf6 11. Bh4 Nb8 12. h3 c6 13. Nf4 Ne3 14. Qd2
Nxf1 15. Rxf1 Qe7 16. O-O-O Qf7 17. e5 dxe5 18. dxe5 fxe5 19. b4 Bxb4 20. Qd8#
1-0

[Event "Detroit (MI Action/5/6)"]
[Site "?"]
[Date "1996.??.??"]
[Round "?"]
[White "Brown, S."]
[Black "Brown, W."]
[Result "0-1"]
[WhiteElo "1605"]
[BlackElo "1605"]
[PlyCount "53"]
[EventDate "1996.??.??"]

{5/(6)} 1. e4 e5 2. f4 exf4 3. Nf3 g5 4. Bc4 d6 5. O-O Bg7 6. d4 Bg4 7. c3 Nf6
8. Qb3 Bxf3 9. Bxf7+ Ke7 10. Rxf3 b6 11. e5 dxe5 12. dxe5 Nfd7 13. Rd3 Bxe5 14.
Qe6+ Kf8 15. Bh5 Qf6 16. Qe8+ Kg7 17. Rxd7+ Nxd7 18. Qxd7+ Kh6 19. Qh3 Rad8 20.
Nd2 Qe7 21. Ne4 Kg7 22. Bf3 h6 23. g3 fxg3 24. Nxg3 Qc5+ 25. Kh1 Bxg3 26. Qxg3
Kh7 27. h4 {[Remainder unavailable]} 0-1

[Event "Flint (MI Senior/3/4)"]
[Site "?"]
[Date "1996.??.??"]
[Round "?"]
[White "Brown, Ralph"]
[Black "Sattler, Peter"]
[Result "0-1"]
[WhiteElo "1660"]
[BlackElo "1750"]
[PlyCount "76"]
[EventDate "1996.??.??"]

{3/(4)} 1. d4 Nf6 2. c4 g6 3. Nc3 Bg7 4. Be3 O-O 5. Qd2 d5 6. Bh6 Nc6 7. Bxg7
Kxg7 8. e3 dxc4 9. Bxc4 Bf5 10. f3 Bd7 11. Rd1 e6 12. Nge2 a6 13. Ne4 Nxe4 14.
fxe4 Qh4+ 15. Ng3 Rad8 16. O-O Bc8 17. Qc3 Kg8 18. Rf4 Qe7 19. Rdf1 Na7 20. Rf6
Nb5 21. Qd3 Nd6 22. Qa3 Rde8 23. Be2 b5 24. e5 Nf5 25. Qc3 Nxg3 26. hxg3 Bb7
27. Bf3 c6 28. Kf2 Rc8 29. Rh1 c5 30. Bxb7 cxd4 31. Qxd4 Rc2+ 32. Kf3 Qxb7+ 33.
e4 Qc7 34. Rd1 Rc8 35. Qd6 Rxb2 36. Qxa6 Qc2 37. Rd7 Qxg2+ 38. Kg4 h5+ 0-1

[Event "Flint (MI Senior/1/3)"]
[Site "?"]
[Date "1996.??.??"]
[Round "?"]
[White "Brown, Ralph"]
[Black "Finegold, Ron"]
[Result "0-1"]
[WhiteElo "1660"]
[BlackElo "2180"]
[PlyCount "48"]
[EventDate "1996.??.??"]

{1/(3)} 1. d4 Nf6 2. Nf3 b5 3. e4 Nxe4 4. Bxb5 c6 5. Bd3 d5 6. Nbd2 Bf5 7. Qe2
Nd6 8. O-O e6 9. c4 Bxd3 10. Qxd3 Be7 11. b3 O-O 12. c5 Nf5 13. Re1 Nd7 14. Nf1
a5 15. Ne3 Nxe3 16. Rxe3 Bf6 17. Bb2 Nxc5 18. dxc5 Bxb2 19. Rae1 g6 20. Ne5
Bxe5 21. Rxe5 Qe7 22. Qd4 Rfb8 23. Qc3 Rb5 24. f4 Qxc5+ 0-1

[Event "Kalamazoo (MI Am/5/16)"]
[Site "?"]
[Date "1996.??.??"]
[Round "?"]
[White "Brown, Ralph"]
[Black "Evans Sr., Thomas"]
[Result "1-0"]
[WhiteElo "1660"]
[BlackElo "1605"]
[PlyCount "105"]
[EventDate "1996.??.??"]

{5/(16)} 1. d4 e6 2. c4 d5 3. Nf3 c5 4. e3 Nc6 5. Qc2 cxd4 6. cxd5 Qxd5 7. Bc4
Qc5 8. exd4 Nxd4 9. Nxd4 Qxd4 10. O-O Ne7 11. Rd1 Qb6 12. Be3 Qc7 13. Bb5+ Nc6
14. Rc1 Bd7 15. Qe4 Bd6 16. g3 Be5 17. Nc3 O-O 18. Nd1 f5 19. Qc4 Rac8 20. Bxc6
Qxc6 21. Qxc6 Rxc6 22. Rxc6 Bxc6 23. Bxa7 Rd8 24. Be3 Ra8 25. a3 b5 26. Bc5 Ra4
27. Bb4 Ra7 28. Rc1 Bd5 29. Rc5 Bd6 30. Rc8+ Kf7 31. Bxd6 Rd7 32. Rc7 Rxc7 33.
Bxc7 Ke7 34. Ne3 Kd7 35. Nxd5 exd5 36. Be5 g6 37. b4 Kc6 38. f4 d4 39. Bxd4 Kd5
40. Bc5 Kc4 41. Kf2 Kb3 42. Ke3 Kc4 43. h3 h5 44. Kf3 Kb3 45. g4 Kxa3 46. gxf5
gxf5 47. Ke3 Kb3 48. Kd4 h4 49. Ke5 Kc4 50. Kxf5 Kd5 51. Kg6 Ke6 52. f5+ Kd7
53. f6 1-0

[Event "Kalamazoo (MI Am/1/20)"]
[Site "?"]
[Date "1996.??.??"]
[Round "?"]
[White "Brown, Ralph"]
[Black "Brant, K."]
[Result "0-1"]
[WhiteElo "1660"]
[BlackElo "1605"]
[PlyCount "98"]
[EventDate "1996.??.??"]

{1/(20)} 1. d4 d5 2. c4 c6 3. Nf3 Nf6 4. Nc3 Bg4 5. e3 Nbd7 6. h3 Bh5 7. g4 Bg6
8. Rg1 e6 9. h4 h6 10. c5 b6 11. cxb6 axb6 12. Bd3 Bxd3 13. Qxd3 Bd6 14. Bd2 e5
15. dxe5 Bxe5 16. Nxe5 Nxe5 17. Qd4 Nf3+ 18. Ke2 Nxd4+ 19. exd4 O-O 20. Rae1
Re8+ 21. Kd3 Rxe1 22. Bxe1 Qe7 23. f3 Re8 24. Bd2 c5 25. g5 Nd7 26. gxh6 g6 27.
Re1 Qd8 28. Nxd5 Rxe1 29. Bxe1 Nf6 30. Nxf6+ Qxf6 31. Bc3 Qxf3+ 32. Kc4 Qf4 33.
Kd5 Qxh6 34. dxc5 bxc5 35. Bf6 Qh5+ 36. Kc4 Qf5 37. Bc3 Qe6+ 38. Kxc5 Qxa2 39.
b4 f5 40. b5 Qa7+ 41. b6 Qb7 42. Be5 Kf7 43. Bc7 Kf6 44. Kb5 Ke6 45. Bf4 Kd5
46. Bc7 Ke4 47. Kc4 Ke3 48. Bh2 f4 49. Kc3 f3 0-1